Normal view
MARC view
- St. Martin's minotaur mysteries
Entry Uniform Title
001 - CONTROL NUMBER
- control field: 11892
003 - CONTROL NUMBER IDENTIFIER
- control field: NUST
005 - DATE AND TIME OF LATEST TRANSACTION
- control field: 20180720062519.0
008 - FIXED-LENGTH DATA ELEMENTS
- fixed length control field: 180720|| aca||aabn | a|a d
040 ## - CATALOGING SOURCE
- Original cataloging agency: NUST
- Transcribing agency: NUST
130 ## - HEADING--UNIFORM TITLE
- Uniform title: St. Martin's minotaur mysteries
670 ## - SOURCE DATA FOUND
- Source citation: Work cat.: (NUST)173364: Christie, Agatha, 1890-1976. 2976, The seven dials mystery /, 2001
